Estatísticas para Honduras

Clique aqui para jogar o quiz

Estatísticas Gerais

  • Esse quiz foi jogado 9 vezes
  • A pontuação média é 11 de 15

Estatísticas das Respostas

HintResposta% Correto
Onde fica?América Central
100%
De que país é independente?Espanha
100%
Qual é o seu idioma?Espanhol
100%
Qual é o desporto mais popular?Futebol
100%
Qual é o seu tipo de clima?Tropical
100%
Qual é a sua religião?Cristianismo
86%
Que fenómeno natural desvastou o país em 1998?Furacão
86%
Qual é a sua capital?Tegucigalpa
86%
Qual é a sua principal atividade económica?Agricultura
71%
Qual é a fruta mais exportada?Banana
71%
Com que país faz fronteira a Sul?Nicarágua
71%
Com que mar faz fronteira a Leste?Mar do Caribe
57%
Qual é o seu código ISO?HND
29%
Qual é a sua moeda?Lempira
14%
Com que golfo faz fronteira a Norte?Golfo das Honduras
0%

Distribuição das Pontuações

Percentil de Números Respondidos

Porcentagem de Pessoas com Cada Pontuação

Sua Pontuação Histórica

Você não jogou esse quiz